000
00312nam a22001337a 4500
008
170911b xxu||||| |||| 00| 0 eng d
020
_a
9780691087504
041
_a
eng
080
_a
91
100
_a
42
101
_a
GJEO
245
_a
THE HISTORY AND GEOGRAPHY OF HUMAN GENES
_c
CAVALLI,.L.L
942
_2
udc
_c
BK
999
_c
27000
_d
27000